Špalíček pohádek

Bibliographic Details
Main Author: Hrubín, František, 1910-1971 (Author)
Format: Book
Language:Czech
PhysicalDescription:138 s. 29 cm
Published: Praha Grafoprint-Neubert 1995
ISBN:8085785374
Subjects:

MARC

LEADER 00000nam a2200000 a 4500
001 vtls001110105
003 SK-MaSNL
005 20260301193921.0
008 240315s1995 xr a a cze
020 |a 8085785374  |c b.c. 
035 |a SNK000052947 
035 |a urn:nbn:sk:snk-amkegf 
035 |a urn:nbn:sk:snk-am003t2g 
035 |a FCE68313-5FDD-4D21-9DE9-D8D198CF7A90 
040 |a SNK  |b slo  |c SNK  |e AACR2 
041 0 |a cze 
044 |a CZ 
080 |a 885.0-93  |2 1981 
080 |a 885.0-34  |2 1981 
100 1 |a Hrubín, František,  |d 1910-1971  |4 aut  |9 243002 
245 1 0 |a Špalíček pohádek  |c František Hrubín 
260 |a Praha  |b Grafoprint-Neubert  |c 1995  |e Martin  |f Neografia 
300 |a 138 s.  |c 29 cm 
500 |a Ilustr. Jiří Trnka 
650 0 7 |a literatúra česká  |x rozprávky  |2 SNK  |9 385305 
650 0 7 |a rozprávky české  |2 SNK  |9 385306 
919 |a 80-85785-37-4 
999 |c 879697  |d 881627 
952 |t P60, <03>, [BOOK], {603}  |a SNK  |b SNK  |y PREZ  |7 0  |p 17A0002010  |o snkSC 90302  |i snkKSP 3341/96  |0 0  |1 0  |4 0  |d 1996-04-01  |f 1  |l 0  |r 2025-09-09 00:00:00  |w 2026-02-24